Химия и технология изотопов: сборник статей

Manylion Llyfryddiaeth
Awdur Corfforaethol: Государственный институт прикладной химии (ГИПХ)
Awduron Eraill: Тупицын И. Ф. (редактор)
Iaith:Rwseg
Cyhoeddwyd: Москва, Химия, 1964
Pynciau:
Fformat: MixedMaterials Llyfr
KOHA link:https://koha.lib.tpu.ru/cgi-bin/koha/opac-detail.pl?biblionumber=143327

MARC

LEADER 00000nam0a2200000 4500
001 143327
005 20231031143207.0
035 |a (RuTPU)RU\TPU\book\155324 
090 |a 143327 
100 |a 20080918d1964 k y0rusy50 ca 
101 0 |a rus 
102 |a RU 
105 |a a z 001zy 
200 1 |a Химия и технология изотопов  |e сборник статей  |f Государственный институт прикладной химии (ГИПХ); под ред. И. Ф. Тупицына 
210 |a Москва  |a Ленинград  |c Химия  |d 1964 
215 |a 182 с. 
320 |a Библиография в конце статей 
610 1 |a химия 
610 1 |a химические соединения 
610 1 |a изотопы 
610 1 |a технология 
610 1 |a получение 
675 |a 544.582  |v 3 
675 |a 621.384.2  |v 3 
702 1 |a Тупицын  |b И. Ф.  |4 340 
712 0 2 |a Государственный институт прикладной химии (ГИПХ)  |c (Ленинград)  |c (1924-1992)  |2 stltpush  |3 (RuTPU)RU\TPU\col\1662 
801 1 |a RU  |b 63413507  |c 20080918  |g PSBO 
801 2 |a RU  |b 63413507  |c 20130808  |g PSBO 
942 |c BK